[Event "World Rapid 2018"]
[Site "St Petersburg RUS"]
[Date "2018.12.26"]
[Round "1.3"]
[White "Tari, Aryan"]
[Black "Artemiev, Vladislav"]
[Result "0-1"]
[WhiteTitle "GM"]
[BlackTitle "GM"]
[WhiteElo "2620"]
[BlackElo "2709"]
[WhiteFideId "1510045"]
[BlackFideId "24101605"]
[EventDate "2018.12.26"]

1. e4 c5 2. Nf3 d6 3. Bb5+ Bd7 4. c4 Nc6 5. d4 cxd4 6. Nxd4 g6 7. Nc3 Bg7 8. Be3
Nf6 9. f3 O-O 10. Bxc6 bxc6 11. O-O e5 12. Nde2 Be6 13. Qa4 d5 14. cxd5 cxd5 15.
exd5 Nxd5 16. Nxd5 Qxd5 17. Rfd1 Qb7 18. Rd2 a5 19. Nc3 Qb4 20. Qxb4 axb4 21.
Nd5 Bxd5 22. Rxd5 e4 23. Bd4 exf3 24. Bxg7 Kxg7 25. gxf3 Rfc8 26. Rd2 Ra5 27.
Kf2 Rh5 28. Kg3 Rg5+ 29. Kf2 Rc4 30. a4 bxa3 31. bxa3 Rh4 32. Kf1 Ra4 33. Re2
Kf6 34. Rg2 Rf5 35. Kf2 h5 36. Ke3 Re5+ 37. Kf2 Kf5 38. Rgg1 Kf4 39. Rge1 Rea5
40. Re3 Kf5 41. Rb1 g5 42. Rb4 Rxa3 43. Rxa3 Rxa3 44. h4 g4 45. Rb5+ Ke6 46.
Rb6+ Ke7 47. Rb7+ Kf6 48. Rb6+ Kg7 49. fxg4 hxg4 50. Rb5 f6 51. Kg2 Rf3 52. Rb4
f5 53. Rb6 Rh3 54. Rc6 Rxh4 55. Kg3 Rh3+ 56. Kf4 Rf3+ 57. Kg5 Kf7 58. Ra6 g3 59.
Rf6+ Ke7 60. Rg6 Rf1 0-1

[Event "World Rapid 2018"]
[Site "St Petersburg RUS"]
[Date "2018.12.26"]
[Round "1.4"]
[White "Fedoseev, Vladimir3"]
[Black "Tregubov, Pavel V."]
[Result "1/2-1/2"]
[WhiteTitle "GM"]
[BlackTitle "GM"]
[WhiteElo "2719"]
[BlackElo "2592"]
[WhiteFideId "24130737"]
[BlackFideId "4115341"]
[EventDate "2018.12.26"]

1. e4 e5 2. Nf3 Nf6 3. Nxe5 d6 4. Nd3 Nxe4 5. Qe2 Qe7 6. Nc3 Nf6 7. b3 c6 8. Bb2
Qxe2+ 9. Nxe2 Be7 10. f3 h5 11. h4 Na6 12. O-O-O Bd7 13. g3 O-O-O 14. Nef4 Rde8
15. Bh3 Bd8 16. Rde1 Rxe1+ 17. Rxe1 Nc7 18. Nf2 Re8 19. Rxe8 Ncxe8 20. Kd1 g6
21. Ke2 Bxh3 22. N2xh3 Kd7 23. Ng5 Ke7 24. c4 Bc7 25. Ng2 d5 26. f4 Ne4 27. Nxe4
dxe4 28. Bd4 a6 29. Ne3 Ke6 30. c5 f6 31. d3 exd3+ 32. Kxd3 Ng7 33. Nc4 Nf5 34.
Bf2 Kd5 35. b4 Bd8 36. Nd2 a5 37. a3 axb4 38. axb4 Ke6 39. Kc4 Ne7 40. Nf3 Nf5
41. Ne1 Bc7 42. Nf3 Bd8 43. Kd3 Kd5 44. Nd2 g5 45. Ne4 gxf4 46. gxf4 Ke6 47. Nd2
Ne7 48. Nf3 Nd5 49. Nd4+ Kd7 50. Be1 Nxf4+ 51. Ke4 Ne6 52. Nf5 b6 53. cxb6 Bxb6
54. Bc3 Bd8 55. Bb2 Ke8 56. Nd6+ Ke7 57. Nc4 Kf7 58. Kf5 Be7 59. Bxf6 Bxf6 60.
Nd6+ Ke7 61. Nc8+ Kf7 62. Nd6+ Ke7 63. Nc8+ Kf7 1/2-1/2

[Event "World Rapid 2018"]
[Site "St Petersburg RUS"]
[Date "2018.12.26"]
[Round "1.8"]
[White "Karjakin, Sergey"]
[Black "Yilmaz, Mustafa"]
[Result "1-0"]
[WhiteTitle "GM"]
[BlackTitle "GM"]
[WhiteElo "2753"]
[BlackElo "2636"]
[WhiteFideId "14109603"]
[BlackFideId "6302718"]
[EventDate "2018.12.26"]

1. e4 c5 2. Nf3 d6 3. d4 cxd4 4. Nxd4 Nf6 5. Nc3 a6 6. Be3 e5 7. Nf3 Be7 8. Bc4
O-O 9. O-O Nc6 10. Re1 Be6 11. Nd5 Bxd5 12. exd5 b5 13. Bf1 Nb4 14. c4 bxc4 15.
Bxc4 Qa5 16. Bd2 Qb6 17. Nh4 g6 18. Nf3 Qb7 19. b3 Nbxd5 20. Bh6 Rfe8 21. Ng5
Bf8 22. Bxf8 Rxf8 23. Qf3 Qe7 24. Bxd5 Nxd5 25. Qxd5 Qxg5 26. Qxd6 Rfe8 27. Qc6
a5 28. g3 Kg7 29. Rad1 Qf5 30. Re3 Rac8 31. Qd5 Rcd8 32. Qxd8 Rxd8 33. Rxd8 Qb1+
34. Kg2 Qxa2 35. Rxe5 Qxb3 36. Rxa5 Qe6 37. Rd1 Qe4+ 38. Kg1 h5 39. h4 Qe2 40.
Rda1 Qe4 41. R5a4 Qe5 42. Ra7 Kg8 43. Rb1 Qe4 44. Rb8+ Kg7 45. Rbb7 Qe1+ 46. Kg2
Qe4+ 47. Kh2 Qf3 48. Rxf7+ Qxf7 49. Rxf7+ Kxf7 50. Kg2 Ke6 51. Kf3 Ke5 52. g4
hxg4+ 53. Kxg4 Kf6 54. Kf4 Ke6 55. Kg5 Kf7 56. h5 gxh5 57. Kxh5 Kf6 58. Kg4 Ke5
59. Kg5 Ke4 60. f4 1-0

[Event "World Rapid 2018"]
[Site "St Petersburg RUS"]
[Date "2018.12.26"]
[Round "1.9"]
[White "Goganov, Aleksey"]
[Black "Nepomniachtchi, Ian"]
[Result "0-1"]
[WhiteTitle "GM"]
[BlackTitle "GM"]
[WhiteElo "2612"]
[BlackElo "2763"]
[WhiteFideId "24109959"]
[BlackFideId "4168119"]
[EventDate "2018.12.26"]

1. d4 Nf6 2. c4 g6 3. Nc3 d5 4. cxd5 Nxd5 5. e4 Nxc3 6. bxc3 Bg7 7. Bg5 c5 8.
Nf3 O-O 9. Rc1 Bg4 10. d5 Qd6 11. Be2 Bxf3 12. Bxf3 Nd7 13. O-O b5 14. Be2 c4
15. f4 e6 16. e5 Qc5+ 17. Kh1 exd5 18. Bg4 Nb6 19. Qe1 Qc6 20. f5 f6 21. exf6
Bxf6 22. Bh6 Rae8 23. Qd2 Bg7 24. Rf3 Re4 25. Rg3 Qf6 26. Bxg7 Kxg7 27. Bf3 Qxf5
28. Qb2 Re3 29. Qxb5 Qe5 30. Qb1 Re8 0-1

[Event "World Rapid 2018"]
[Site "St Petersburg RUS"]
[Date "2018.12.26"]
[Round "1.11"]
[White "Shinkevich, Vitaly"]
[Black "Yu, Yangyi"]
[Result "1/2-1/2"]
[WhiteTitle "IM"]
[BlackTitle "GM"]
[WhiteElo "2439"]
[BlackElo "2764"]
[WhiteFideId "4122690"]
[BlackFideId "8603820"]
[EventDate "2018.12.26"]

1. d4 Nf6 2. Nf3 d5 3. c4 e6 4. Nc3 dxc4 5. e3 a6 6. a4 b6 7. Bxc4 Bb7 8. O-O
Nc6 9. Qe2 Na5 10. Ba2 Bb4 11. Rd1 O-O 12. Ne5 c5 13. Nd3 Qe7 14. Bd2 Rac8 15.
Be1 cxd4 16. Nxb4 dxc3 17. Bxc3 Ne4 18. Be1 Nc5 19. Rac1 Nxa4 20. Nxa6 Qg5 21.
f4 Qf6 22. b4 Qb2 23. Qxb2 Nxb2 24. Rxc8 Rxc8 25. Rb1 Nac4 26. b5 Be4 27. Rc1
Nd3 28. Rxc4 Rxc4 29. Bxc4 Nxe1 30. Nb8 Nxg2 31. Kf2 Nh4 32. Nd7 Nf5 33. Nxb6
Nd6 34. Be2 Kf8 35. Nd7+ Ke7 36. Nc5 Kd8 37. b6 Bd5 38. Bd3 f5 39. Ke2 h6 40. h4
Nf7 41. Kd2 g5 42. hxg5 hxg5 43. fxg5 Nxg5 44. Kc3 Kc8 45. Ba6+ Kb8 46. Nd7+ Ka8
47. Kd4 Bc6 48. Ne5 Bb7 49. Bc4 Kb8 50. Kc5 Ne4+ 51. Kd4 Ng5 1/2-1/2

[Event "World Rapid 2018"]
[Site "St Petersburg RUS"]
[Date "2018.12.26"]
[Round "1.14"]
[White "Le, Quang Liem"]
[Black "Popov, Ivan RUS"]
[Result "1/2-1/2"]
[WhiteTitle "GM"]
[BlackTitle "GM"]
[WhiteElo "2714"]
[BlackElo "2592"]
[WhiteFideId "12401137"]
[BlackFideId "4170350"]
[EventDate "2018.12.26"]

1. c4 e5 2. d3 Bb4+ 3. Nd2 c5 4. a3 Ba5 5. g3 Nc6 6. Bg2 Nge7 7. Nf3 O-O 8. O-O
d6 9. b4 cxb4 10. Nb3 Bc7 11. axb4 Nxb4 12. Ba3 Nbc6 13. Nfd2 Bg4 14. h3 Be6 15.
e3 Rb8 16. d4 exd4 17. Nxd4 Nxd4 18. exd4 b5 19. d5 Bd7 20. cxb5 Bxb5 21. Re1
Ng6 1/2-1/2

[Event "World Rapid 2018"]
[Site "St Petersburg RUS"]
[Date "2018.12.26"]
[Round "1.15"]
[White "Zablotsky, Sergei"]
[Black "Korobov, Anton"]
[Result "0-1"]
[WhiteTitle "GM"]
[BlackTitle "GM"]
[WhiteElo "2511"]
[BlackElo "2698"]
[WhiteFideId "4131606"]
[BlackFideId "14105730"]
[EventDate "2018.12.26"]

1. e4 c5 2. Nf3 d6 3. d4 cxd4 4. Nxd4 Nf6 5. Nc3 a6 6. h3 Nc6 7. g4 Qb6 8. Nb3
e6 9. Bg2 Be7 10. O-O Qc7 11. f4 b5 12. Be3 Bb7 13. g5 Nd7 14. a4 b4 15. Ne2 O-O
16. a5 Rae8 17. Qd2 Nc5 18. Ned4 Nxd4 19. Qxd4 e5 20. Qxb4 exf4 21. Bxf4 Ne6 22.
Bg3 Ba8 23. Nd4 Rb8 24. Nxe6 fxe6 25. Rxf8+ Bxf8 26. Qc3 Qxc3 27. bxc3 Rc8 28.
Rd1 e5 29. Rb1 Rxc3 30. Rb8 Bc6 31. g6 hxg6 32. Bh4 Kf7 33. Rb6 d5 34. Rb3 Rxb3
35. cxb3 dxe4 36. Bf1 Bc5+ 37. Kh2 Bb7 38. Bc4+ Ke8 39. Be1 Ke7 40. b4 Bd4 41.
b5 axb5 42. Bxb5 g5 43. Kg3 e3 44. Be2 Kd6 45. a6 Bd5 46. Bb4+ Ke6 47. Bg4+ Kf6
48. Bc8 e2 49. Bb7 Bc4 50. Kf3 Bd3 51. Be1 Ke6 52. Kg2 Kf5 53. Bc8+ Kf4 0-1

[Event "World Rapid 2018"]
[Site "St Petersburg RUS"]
[Date "2018.12.26"]
[Round "1.17"]
[White "Potapov, Pavel"]
[Black "Mamedov, Rauf"]
[Result "1/2-1/2"]
[WhiteTitle "GM"]
[BlackTitle "GM"]
[WhiteElo "2516"]
[BlackElo "2703"]
[WhiteFideId "4169786"]
[BlackFideId "13401653"]
[EventDate "2018.12.26"]

1. e4 c5 2. c3 Nf6 3. e5 Nd5 4. Bc4 Nb6 5. Bb3 Nc6 6. Nf3 d5 7. exd6 Qxd6 8. O-O
Be6 9. Bxe6 Qxe6 10. d4 cxd4 11. cxd4 Qd7 12. Nc3 e6 13. Bg5 h6 14. Bh4 Bb4 15.
Qb3 O-O 16. Rfd1 Bxc3 17. bxc3 Rac8 18. a4 Qd5 19. Qxd5 exd5 20. a5 Nc4 21. a6
b6 22. Bg3 f6 23. Ne1 Kf7 24. Nd3 g5 25. h4 Rfe8 26. Re1 Rxe1+ 27. Rxe1 Na3 28.
hxg5 hxg5 29. f4 g4 30. Nf2 Rg8 31. Kf1 Ne7 32. Nd3 Nf5 33. Bf2 g3 34. Bg1 Nb5
35. Nb4 Rd8 36. Rc1 Ne7 37. Ke2 Nd6 38. Kd3 Rh8 39. Be3 Rh2 40. Rg1 Ke6 41. Bd2
Ne4 42. Be1 Ng6 43. f5+ Kxf5 44. Nxd5 Nf2+ 45. Bxf2 gxf2 46. Rf1 Ke6 47. Nc7+
Kd7 48. Nb5 Rxg2 49. Nxa7 Nf4+ 50. Ke4 Nh3 51. Kf3 Rg1 52. Ke2 Rg5 53. Ra1 Rg1
54. Rf1 Rg5 55. Ra1 Rg1 56. Rf1 1/2-1/2

[Event "World Rapid 2018"]
[Site "St Petersburg RUS"]
[Date "2018.12.26"]
[Round "1.18"]
[White "Tomashevsky, Evgeny"]
[Black "Reshetnikov, Alexey"]
[Result "1/2-1/2"]
[WhiteTitle "GM"]
[BlackTitle "IM"]
[WhiteElo "2705"]
[BlackElo "2492"]
[WhiteFideId "4147235"]
[BlackFideId "4162080"]
[EventDate "2018.12.26"]

1. d4 d5 2. c4 c6 3. Nf3 Nf6 4. e3 Bf5 5. Nc3 e6 6. Nh4 Be4 7. f3 Bg6 8. Bd2 Bd6
9. g3 Nbd7 10. Qb3 Qc7 11. Rc1 a6 12. cxd5 exd5 13. Kf2 O-O 14. Kg2 Rfe8 15.
Nxg6 hxg6 16. Bd3 b5 17. a4 b4 18. Ne2 Qb7 19. Qd1 c5 20. b3 Rac8 21. Rc2 Nf8
22. Qb1 cxd4 23. Rxc8 Rxc8 24. Nxd4 Be5 25. Rc1 Bxd4 26. Rxc8 Qxc8 27. exd4 a5
28. Qc1 Qxc1 29. Bxc1 Ne6 30. Be3 Ne8 31. h4 Nd6 32. g4 Kf8 33. Kf2 Ke7 34. Ke2
f5 35. Kd2 f4 36. Bf2 g5 37. hxg5 Nxg5 38. Bh4 Nf7 39. Bf5 Kd6 40. Ke2 Ne6 41.
Bxe6 Kxe6 42. Kd3 g5 43. Be1 1/2-1/2

[Event "World Rapid 2018"]
[Site "St Petersburg RUS"]
[Date "2018.12.26"]
[Round "1.20"]
[White "Guseinov, Gadir"]
[Black "Geller, Jakov"]
[Result "1-0"]
[WhiteTitle "GM"]
[BlackTitle "GM"]
[WhiteElo "2664"]
[BlackElo "2518"]
[WhiteFideId "13401378"]
[BlackFideId "4151984"]
[EventDate "2018.12.26"]

1. e4 c5 2. Nc3 e6 3. Nf3 a6 4. d4 cxd4 5. Nxd4 Qc7 6. Bd3 Nf6 7. O-O Be7 8. f4
d6 9. Kh1 Nbd7 10. Qe2 b5 11. Bd2 Bb7 12. b4 O-O 13. a4 bxa4 14. Nxa4 d5 15. e5
Ne4 16. Be1 Nb6 17. Nxb6 Qxb6 18. Qe3 Rad8 19. Rd1 f6 20. Bh4 Rde8 21. Bxe4 dxe4
22. Qb3 Bd5 23. c4 fxe5 24. Bxe7 Rxe7 25. Nc2 Bb7 26. fxe5 Ref7 27. Rxf7 Rxf7
28. c5 Qc6 29. Nd4 Qd5 30. Nxe6 h6 31. Qxd5 Bxd5 32. Nd4 e3 33. Kg1 Rf2 34. Nf3
Bxf3 35. gxf3 Rxf3 36. Re1 Kf7 37. Rf1 Rxf1+ 38. Kxf1 Ke6 39. c6 g5 40. Ke2 h5
41. Kxe3 Ke7 42. Kf3 1-0

[Event "World Rapid 2018"]
[Site "St Petersburg RUS"]
[Date "2018.12.26"]
[Round "1.21"]
[White "Khusnutdinov, Rustam"]
[Black "Jakovenko, Dmitry"]
[Result "1/2-1/2"]
[WhiteTitle "GM"]
[BlackTitle "GM"]
[WhiteElo "2470"]
[BlackElo "2735"]
[WhiteFideId "13701703"]
[BlackFideId "4122356"]
[EventDate "2018.12.26"]

1. e4 c5 2. Nf3 d6 3. d4 cxd4 4. Qxd4 Nf6 5. Be2 Nc6 6. Qe3 e6 7. O-O Qc7 8. c4
Be7 9. Nc3 O-O 10. b3 a6 11. Rd1 b6 12. Ba3 Ng4 13. Qd2 Rd8 14. Rac1 Nce5 15.
Nd4 Bb7 16. f4 Nf6 17. Qe3 Ng6 18. f5 exf5 19. Nd5 Nxd5 20. cxd5 Qd7 21. Nxf5 b5
22. Bg4 Qe8 23. Bb2 Bf8 24. Rc7 Bc8 25. Rf1 Ne5 26. Qg5 Bxf5 27. Bxf5 g6 28. Bh3
Bg7 29. Re7 Qf8 30. Bxe5 Bxe5 31. Rfxf7 Qxf7 32. Be6 Qxe6 33. Rxe6 Rf8 34. h3
Bf4 35. Qh4 Be3+ 36. Kh2 Bf4+ 37. g3 Be5 38. Re7 Bg7 39. Qg4 Rf2+ 40. Kg1 Raf8
41. Qe6+ Kh8 42. Re8 Rf1+ 1/2-1/2

[Event "World Rapid 2018"]
[Site "St Petersburg RUS"]
[Date "2018.12.26"]
[Round "1.26"]
[White "Sjugirov, Sanan"]
[Black "Zhigalko, Andrey"]
[Result "1-0"]
[WhiteTitle "GM"]
[BlackTitle "GM"]
[WhiteElo "2663"]
[BlackElo "2545"]
[WhiteFideId "4189302"]
[BlackFideId "13502247"]
[EventDate "2018.12.26"]

1. d4 Nf6 2. c4 e6 3. Nc3 Bb4 4. Qc2 O-O 5. a3 Bxc3+ 6. Qxc3 d6 7. Bg5 Nbd7 8.
f3 b6 9. e4 c5 10. dxc5 bxc5 11. Bd3 h6 12. Bh4 Rb8 13. Bg3 Rb6 14. Ne2 d5 15.
exd5 exd5 16. O-O Ba6 17. b3 Re8 18. Rfd1 Qe7 19. Nf4 dxc4 20. bxc4 Qe5 21. Qa5
Qb2 22. Kh1 Ne5 23. Rab1 Nxc4 24. Rxb2 Nxa5 25. Rxb6 Bxd3 26. Rxf6 Bc2 27. Rc1
Rd8 28. Ra6 Nb3 29. Re1 c4 30. Rxa7 1-0

[Event "World Rapid 2018"]
[Site "St Petersburg RUS"]
[Date "2018.12.26"]
[Round "1.27"]
[White "Mikhalevski, Victor"]
[Black "Jobava, Baadur"]
[Result "1/2-1/2"]
[WhiteTitle "GM"]
[BlackTitle "GM"]
[WhiteElo "2579"]
[BlackElo "2627"]
[WhiteFideId "2801914"]
[BlackFideId "13601520"]
[EventDate "2018.12.26"]

1. d4 Nf6 2. Nf3 e6 3. c4 Bb4+ 4. Bd2 Bxd2+ 5. Qxd2 d5 6. Nc3 O-O 7. e3 Qe7 8.
Be2 Rd8 9. cxd5 exd5 10. O-O Nc6 11. Qc2 Bg4 12. Rac1 a6 13. a3 Na7 14. Ne5 Bxe2
15. Nxe2 c6 16. Nf4 Nb5 17. Nfd3 Nd6 18. Nc5 Nfe4 19. Rfe1 a5 20. a4 Nxc5 21.
Qxc5 Qe6 22. Qc2 Re8 23. Rb1 Re7 24. b4 h5 25. bxa5 Rxa5 26. Rb4 h4 27. h3 g5
28. Reb1 Kg7 29. Qd1 Qf5 30. Qg4 Qxg4 31. hxg4 Ra7 32. Nd3 Ne4 33. Rc1 Kf8 34.
Nc5 Nxc5 35. Rxc5 Ke8 36. Rc3 Kd7 37. Rcb3 Kc7 38. Kh2 Re8 39. Rb1 Rb8 40. Kh3
Ra5 41. g3 hxg3 42. Kxg3 b5 43. axb5 Raxb5 44. Rxb5 cxb5 45. Kf3 b4 46. Ke2 Kc6
47. Rc1+ Kb5 48. Rc7 f6 49. Kd3 Ra8 50. Kc2 Ra1 51. Rb7+ Kc4 52. Rc7+ Kb5 53.
Rb7+ Kc6 54. Rxb4 Rf1 55. Kd3 Rxf2 56. Ra4 Kd6 57. Ra6+ Ke7 58. Ra5 Ke6 59. Ra6+ 1/2-1/2

[Event "World Rapid 2018"]
[Site "St Petersburg RUS"]
[Date "2018.12.26"]
[Round "1.29"]
[White "Belozerov, Andrei"]
[Black "Anton Guijarro, David"]
[Result "1/2-1/2"]
[WhiteTitle "GM"]
[BlackTitle "GM"]
[WhiteElo "2528"]
[BlackElo "2642"]
[WhiteFideId "4120213"]
[BlackFideId "2285525"]
[EventDate "2018.12.26"]

1. e4 e5 2. Nf3 Nc6 3. Nc3 Nf6 4. Bc4 Bc5 5. d3 O-O 6. a3 h6 7. Be3 Bb6 8. Qd2
d6 9. h3 Nd4 10. Bxd4 exd4 11. Ne2 d5 12. exd5 Nxd5 13. O-O c5 14. b4 cxb4 15.
axb4 Qd6 16. b5 Nc3 17. Nxc3 dxc3 18. Qxc3 Bxh3 19. Qe5 Qg6 20. Qh2 Be6 21. Bxe6
fxe6 22. Qh3 Rac8 23. Ne5 Qf5 24. Qxf5 Rxf5 25. Nc4 Bc5 26. Rae1 Rcf8 27. Re2
R8f6 28. Nd2 Rf8 1/2-1/2

[Event "World Rapid 2018"]
[Site "St Petersburg RUS"]
[Date "2018.12.26"]
[Round "1.30"]
[White "Akopian, Vladimir"]
[Black "Sokolin, Leonid"]
[Result "1/2-1/2"]
[WhiteTitle "GM"]
[BlackTitle "IM"]
[WhiteElo "2650"]
[BlackElo "2508"]
[WhiteFideId "13300032"]
[BlackFideId "2009161"]
[EventDate "2018.12.26"]

1. e4 e6 2. d4 d5 3. Nd2 Nf6 4. e5 Nfd7 5. c3 c5 6. Bd3 Nc6 7. Ne2 cxd4 8. cxd4
f6 9. exf6 Nxf6 10. Nf3 Qa5+ 11. Bd2 Qb6 12. Bc3 Bd6 13. O-O O-O 14. Ng3 Bd7 15.
Ne5 Be8 16. Qd2 Bxe5 17. dxe5 Nd7 18. Qe2 d4 19. Bd2 Ndxe5 20. Be4 Rd8 21. Bxc6
Nxc6 22. Qxe6+ Bf7 23. Qg4 Qxb2 24. Bg5 Rde8 25. Rab1 Qxa2 26. Rxb7 Qe6 27. Nf5
Bg6 28. Rxg7+ Kh8 29. Rxg6 Qxg6 30. Nh6 Ne5 31. Qh4 Qg7 1/2-1/2

[Event "World Rapid 2018"]
[Site "St Petersburg RUS"]
[Date "2018.12.26"]
[Round "1.31"]
[White "Nozdrachev, Vladislav"]
[Black "Oparin, Grigoriy"]
[Result "0-1"]
[WhiteTitle "IM"]
[BlackTitle "GM"]
[WhiteElo "2486"]
[BlackElo "2613"]
[WhiteFideId "24113441"]
[BlackFideId "24125890"]
[EventDate "2018.12.26"]

1. e4 c6 2. d4 d5 3. Nc3 dxe4 4. Nxe4 Nf6 5. Nxf6+ exf6 6. c3 Bd6 7. g3 O-O 8.
Bg2 Re8+ 9. Ne2 Bg4 10. Be3 f5 11. Qd2 Bxe2 12. Qxe2 f4 13. gxf4 Bxf4 14. O-O-O
Qg5 15. Bxf4 Qxf4+ 16. Qd2 Qd6 17. d5 c5 18. Bh3 Na6 19. Rhg1 Rad8 20. Qg5 g6
21. Qg3 Re5 22. c4 Re4 23. Bf1 Qf6 24. Qg5 Qxg5+ 25. Rxg5 Nc7 26. d6 Ne6 27.
Rgd5 b6 28. a3 Nd4 29. b4 Re6 30. R1xd4 cxd4 31. c5 bxc5 32. bxc5 Re1+ 33. Kd2
Rxf1 34. c6 Rxf2+ 35. Kd3 Rf3+ 36. Kxd4 Rf1 37. c7 Rd1+ 38. Kc5 Rc1+ 39. Kb5
Rxd6 0-1

[Event "World Rapid 2018"]
[Site "St Petersburg RUS"]
[Date "2018.12.26"]
[Round "1.32"]
[White "Cheparinov, Ivan"]
[Black "Oganian, Miran"]
[Result "1-0"]
[WhiteTitle "GM"]
[BlackTitle "IM"]
[WhiteElo "2709"]
[BlackElo "2423"]
[WhiteFideId "2905540"]
[BlackFideId "4122488"]
[EventDate "2018.12.26"]

1. Nf3 Nf6 2. c4 e6 3. g3 d5 4. d4 Be7 5. Bg2 O-O 6. Nc3 dxc4 7. Ne5 Nc6 8. Bxc6
bxc6 9. Nxc6 Qe8 10. Nxe7+ Qxe7 11. Qa4 c5 12. dxc5 Qxc5 13. Be3 Qc7 14. Rd1 Bb7
15. O-O Nd5 16. Bd4 Rfd8 17. Nxd5 Rxd5 18. Bc3 Qc6 19. Qxc6 Bxc6 20. Rxd5 Bxd5
21. f3 f5 22. Rd1 Kf7 23. Rd4 Rc8 24. e4 fxe4 25. fxe4 Bc6 26. Rxc4 g5 27. Kf2
Ke7 28. Ke3 Kd7 29. Rc5 h6 30. Ra5 Ra8 31. Bg7 g4 32. Bxh6 Kc7 33. Bg7 Kb6 34.
Rg5 Rd8 35. Bd4+ Ka6 36. Rxg4 e5 37. Bxe5 Rd1 38. Bc3 Bb5 39. h4 Rd3+ 40. Kf4
Bc4 41. Rg6+ Kb5 42. a3 Rd1 43. h5 Bf7 44. Rg5+ Kc4 45. g4 Rf1+ 46. Ke5 Be8 47.
Rg8 Bd7 48. g5 1-0

[Event "World Rapid 2018"]
[Site "St Petersburg RUS"]
[Date "2018.12.26"]
[Round "1.33"]
[White "Petrov, Nikita"]
[Black "Motylev, Alexander"]
[Result "0-1"]
[WhiteTitle "GM"]
[BlackTitle "GM"]
[WhiteElo "2593"]
[BlackElo "2644"]
[WhiteFideId "4101286"]
[BlackFideId "4121830"]
[EventDate "2018.12.26"]

1. e4 e5 2. Bc4 Nf6 3. d3 c6 4. Nf3 d5 5. Bb3 a5 6. a4 Bb4+ 7. c3 Bd6 8. exd5
Nxd5 9. O-O O-O 10. Re1 Bg4 11. Nbd2 Nd7 12. Nc4 Qf6 13. Bg5 Qg6 14. h3 Bxf3 15.
Qxf3 Bc7 16. Bd2 Kh8 17. Rad1 f5 18. Ne3 e4 19. dxe4 fxe4 20. Qg4 Qd6 21. Nf1
Nc5 22. Bxd5 cxd5 23. Be3 Nd3 24. Bd4 Rf7 25. Rxd3 exd3 26. Rd1 Bb6 27. Rxd3
Raf8 28. f3 Bxd4+ 29. Qxd4 Rf4 30. Qxd5 Qb6+ 31. Kh2 Qxb2 32. Ng3 Rxa4 33. Qf7
Rg8 34. Nf5 Ra2 35. Nh4 Qe2 36. Rd5 Qe8 37. Qf4 Qb8 38. Rd6 Ra4 39. Qxa4 Qxd6+
40. f4 Rf8 41. g3 Qd2+ 42. Ng2 Qxc3 43. Qe4 Qc6 44. Qe5 a4 45. f5 a3 46. Nf4
Qc2+ 47. Kg1 Qb1+ 48. Kf2 Qb2+ 0-1

[Event "World Rapid 2018"]
[Site "St Petersburg RUS"]
[Date "2018.12.26"]
[Round "1.34"]
[White "Morozevich, Alexander"]
[Black "Gordievsky, Dmitry"]
[Result "1-0"]
[WhiteTitle "GM"]
[BlackTitle "GM"]
[WhiteElo "2656"]
[BlackElo "2614"]
[WhiteFideId "4116992"]
[BlackFideId "24112798"]
[EventDate "2018.12.26"]

1. e4 c5 2. b3 e6 3. Bb2 Nc6 4. f4 Nf6 5. e5 Nd5 6. g3 Be7 7. Nf3 b6 8. Bg2 Bb7
9. O-O O-O 10. Na3 d6 11. Nc4 dxe5 12. Ncxe5 Bf6 13. Qe2 Ndb4 14. c3 Nd5 15. Ng4
Be7 16. Ng5 Bxg5 17. fxg5 Qxg5 18. c4 Nde7 19. Nf6+ Kh8 20. Ne4 Qg6 21. Nd6 Rab8
22. Rae1 Ba8 23. Rf4 Nd4 24. Bxd4 cxd4 25. Bxa8 Rxa8 26. Qf3 Nf5 27. Nxf5 exf5
28. Rxf5 Rad8 29. Re7 Kg8 30. Rxa7 d3 31. Re7 Rd6 32. Kg2 h6 33. h4 h5 34. Qxh5
Ra8 35. Qf3 Rxa2 36. Re8+ 1-0

[Event "World Rapid 2018"]
[Site "St Petersburg RUS"]
[Date "2018.12.26"]
[Round "1.35"]
[White "Vastrukhin, Oleg"]
[Black "Matlakov, Maxim"]
[Result "0-1"]
[BlackTitle "GM"]
[WhiteElo "2413"]
[BlackElo "2700"]
[WhiteFideId "4192770"]
[BlackFideId "4168003"]
[EventDate "2018.12.26"]

1. Nf3 d5 2. g3 g6 3. Bg2 Bg7 4. d4 Nf6 5. O-O O-O 6. Nbd2 a5 7. c3 c5 8. Ne5
Nc6 9. Nxc6 bxc6 10. dxc5 Nd7 11. Nb3 a4 12. Nd4 Bb7 13. Be3 e5 14. Nc2 Qe7 15.
Qd2 Nxc5 16. Bh6 Bxh6 17. Qxh6 Ne6 18. Nb4 e4 19. Rfd1 Rfd8 20. Rac1 c5 21. Nc2
d4 22. cxd4 cxd4 23. a3 d3 24. exd3 exd3 25. Ne1 Nd4 26. Rc4 d2 27. Qxd2 Ne2+ 0-1

[Event "World Rapid 2018"]
[Site "St Petersburg RUS"]
[Date "2018.12.26"]
[Round "1.36"]
[White "Amonatov, Farrukh"]
[Black "Vlassov, Nikolai"]
[Result "1-0"]
[WhiteTitle "GM"]
[BlackTitle "IM"]
[WhiteElo "2614"]
[BlackElo "2401"]
[WhiteFideId "14700077"]
[BlackFideId "4103360"]
[EventDate "2018.12.26"]

1. e4 c5 2. Nc3 d6 3. Nf3 Nf6 4. d4 cxd4 5. Nxd4 g6 6. Be3 Bg7 7. f3 a6 8. Bc4
Nbd7 9. Qd2 h5 10. O-O-O Qc7 11. Bb3 Ne5 12. Kb1 b5 13. Bg5 Bb7 14. Rhe1 Rc8 15.
Nd5 Bxd5 16. exd5 O-O 17. Bh6 Rfe8 18. Bxg7 Kxg7 19. Qg5 Kh7 20. f4 Nc4 21. f5
Rg8 22. Nc6 Nxd5 23. Bxc4 bxc4 24. Nxe7 Nc3+ 25. bxc3 Rb8+ 26. Kc1 Qa5 27. fxg6+
Rxg6 28. Qxa5 1-0

[Event "World Rapid 2018"]
[Site "St Petersburg RUS"]
[Date "2018.12.26"]
[Round "1.37"]
[White "Drygalov, Andrey"]
[Black "Bocharov, Dmitry"]
[Result "0-1"]
[WhiteTitle "IM"]
[BlackTitle "GM"]
[WhiteElo "2481"]
[BlackElo "2533"]
[WhiteFideId "24171735"]
[BlackFideId "4138716"]
[EventDate "2018.12.26"]

1. e4 c5 2. Nf3 d6 3. d4 cxd4 4. Nxd4 Nf6 5. Nc3 a6 6. Be3 e5 7. Nb3 Be7 8. f3
Be6 9. Qd2 h5 10. Nd5 Nxd5 11. exd5 Bf5 12. Be2 Qc7 13. c4 O-O 14. O-O Bg6 15.
Rac1 b6 16. Kh1 Nd7 17. Rfe1 h4 18. Bf1 a5 19. Na1 Nc5 20. Nc2 Rae8 21. b3 f5
22. h3 Bf6 23. Rcd1 Qd7 24. Na3 f4 25. Bxc5 bxc5 26. Bd3 e4 27. Bxe4 Bxe4 28.
Rxe4 Rxe4 29. fxe4 f3 30. Rf1 Be5 31. Nc2 fxg2+ 32. Qxg2 Rxf1+ 33. Qxf1 a4 34.
Qf3 axb3 35. axb3 Qa7 36. Qd3 Qa2 37. Kg2 Qb2 38. Kf2 Qc1 39. Ke2 Bg3 40. e5
Bxe5 41. Qf5 Qg1 42. Qe6+ Kh7 43. Qf5+ g6 44. Qf7+ Bg7 45. Qf3 Qb1 46. Ne1 Kg8
47. Qe3 Qb2+ 48. Kf1 Qh2 49. Qf3 Bd4 50. Qg2 Qf4+ 51. Qf3 Qc1 52. Qg4 Kg7 53.
Qxh4 Qe3 54. Nc2 Qd3+ 55. Ke1 Bc3+ 56. Kf2 Qxc2+ 57. Kf3 Qd3+ 0-1